ბათუმის შოთა რუსთაველის სახელმწიფო უნივერსიტეტის ბიბლიოთეკა

Concise Oxford Dictionary of Archaeology / (ბიბ.ჩანაწერი № 61221)

000 -LEADER
fixed length control field 00635nam a22001817a 4500
005 - DATE AND TIME OF LATEST TRANSACTION
control field 20240109114547.0
008 - FIXED-LENGTH DATA ELEMENTS--GENERAL INFORMATION
fixed length control field 240109s2003 enk||||| |||| 00| 0 eng d
020 ## - INTERNATIONAL STANDARD BOOK NUMBER
International Standard Book Number 9780192800053
041 ## - LANGUAGE CODE
Language code of text/sound track or separate title eng
080 ## - UNIVERSAL DECIMAL CLASSIFICATION NUMBER
Universal Decimal Classification number 902/904(031) D-20
100 ## - MAIN ENTRY--PERSONAL NAME
Personal name Darvill, Timothy
9 (RLIN) 20971
245 ## - TITLE STATEMENT
Title Concise Oxford Dictionary of Archaeology /
Statement of responsibility, etc. Timothy Darvill.
264 ## - PRODUCTION, PUBLICATION, DISTRIBUTION, MANUFACTURE, AND COPYRIGHT NOTICE
Place of production, publication, distribution, manufacture Oxford :
Name of producer, publisher, distributor, manufacturer Oxford University Press,
Date of production, publication, distribution, manufacture, or copyright notice 2003.
300 ## - PHYSICAL DESCRIPTION
Extent 506 p.:
Other physical details 20 cm.
653 ## - INDEX TERM--UNCONTROLLED
keyword არქეოლოგიის მოკლე ოქსფორდის ლექსიკონი
653 ## - INDEX TERM--UNCONTROLLED
keyword არქეოლოგია
942 ## - ADDED ENTRY ELEMENTS (KOHA)
Source of classification or shelving scheme
Koha item type წიგნი
ეგზემპლარები
Withdrawn status Lost status Source of classification or shelving scheme Damaged status Not for loan Permanent Location Current Location Shelving location Date acquired Cost, normal purchase price Full call number Barcode Date last seen Copy number Uniform Resource Identifier Price effective from Koha item type Public note
          ბათუმის შოთა რუსთაველის სახელმწიფო უნივერსიტეტის მთავარი ბიბლიოთეკა ბათუმის შოთა რუსთაველის სახელმწიფო უნივერსიტეტის მთავარი ბიბლიოთეკა წიგნსაცავი 2024-01-09 8.00 902/904(031) D-20 65736 2024-01-09 65736 ბსუ-ს საპატიო დოქტორის გურამ ლორთქიფანიძის საჩუქარი 2024-01-09 წიგნი 8 ლ.